Essentials of Facial Growth (Record no. 33258)

MARC details
000 -LEADER
fixed length control field 00267nam a22001217a 4500
003 - CONTROL NUMBER IDENTIFIER
control field SGT
082 ## - DEWEY DECIMAL CLASSIFICATION NUMBER
Classification number 617.643
Item number E96E
100 ## - MAIN ENTRY--PERSONAL NAME
Personal name Enlow, Donald H.
245 ## - TITLE STATEMENT
Title Essentials of Facial Growth
260 ## - PUBLICATION, DISTRIBUTION, ETC. (IMPRINT)
Name of publisher, distributor, etc W. B. Saunders Co.
Year of Publication 1996
300 ## - PAGE DESCRIPTION
No. of Pages 303
942 ## - ADDED ENTRY ELEMENTS (KOHA)
Source of classification or shelving scheme Dewey Decimal Classification
Koha item type Rare Books
Holdings
Withdrawn status Lost status Source of classification or shelving scheme Damaged status Use restrictions Not for loan Home library Current library Date acquired SGTU Total Checkouts Full call number Accession No. (Barcode) Date last seen Bill Date Koha item type
    Dewey Decimal Classification   Restricted Access Not For Loan SGT Dental Library SGT Dental Library 06/01/2026 SGTU   617.643 E96E FD10167 06/01/2026 06/01/2026 Rare Books